| 000 | 00946nam a22002177a 4500 | ||
|---|---|---|---|
| 999 |
_c3575 _d3575 |
||
| 003 | AR-CdUCM | ||
| 008 | 190306b ||||| |||| 00| 0 spa d | ||
| 040 |
_aMUNICIPALIDAD PROVINCIAL DEL CUSCO _cBIBLIOTECA MUNICIPAL DEL CUSCO |
||
| 082 |
_a338.076 / _bC81 |
||
| 100 |
_aContreras Chávez, Fortunato _911701 |
||
| 245 |
_aMicroeconomía : _bproblemas resueltos de aplicación / |
||
| 246 | _aParadojas de la política económica en el Perú. | ||
| 260 |
_aCusco : _b[Gráfica Coral], _c2011. |
||
| 300 |
_a159 páginas ; _c20.5 cm. |
||
| 505 | _aContenido: Demanda y oferta: equilibrio -- Telaraña -- Impuestos y subsidios -- Elasticidades -- teoría del consumidor y su utilidad -- Teoría de la producción -- Costos y beneficios ... | ||
| 650 |
_aMicroeconomía -- Problemas, ejercicios _911702 |
||
| 650 |
_aEconomía práctica _911703 |
||
| 700 |
_aBallón Pinares, Justino (Autor) _911704 |
||
| 942 |
_2ddc _cLIBROS |
||
| 945 | _alccs | ||